000 00381nam a2200157Ia 4500
008 230524s9999 xx 000 0 und d
082 _a612
_bGAN
100 _aWilliam F.Ganong
_924328
245 0 _aReview of Medical Physiology
250 _a22TH
260 _aNEW DELHI
_bMGH
_c2005
300 _aIX;823
500 _aQuantity Number: 1
650 _aBiomedical
942 _cBK
999 _c35894
_d35894